Statistics for Head to Head - Countries #2

Click here to take the quiz!

General Stats

  • This quiz has been taken 68,894 times
  • The average score is 12 of 15

Answer Stats

QuestionAnswer% Correct
Which is part of NATO (North Atlantic Treaty Organisation)?
93%
Which of these is in the Caribbean?
92%
Which has land further south?
89%
Which has the older current president?
89%
Which country is smallest in area?
89%
Which is geographically closer to India?
84%
Which has the longest total land borders?
83%
Which is a landlocked country?
82%
Which has fewer people?
81%
Which has a demonym ending in -ian?
80%
Which has never hosted either the Summer or Winter Olympics
75%
Which of these is more populated?
71%
Which has a higher average annual temperature?
68%
Which has more bordering countries?
66%
Which country has a higher GDP per capita? (PPP)
63%

Score Distribution

Percentile by Number Answered

Percent of People with Each Score

Your Score History

You have not taken this quiz